LIBRARY ONLINE CATALOGUE

College planning for gifted students : (Record no. 4577)

MARC details
000 -LEADER
fixed length control field 00724nam a22002172 4500
001 - CONTROL NUMBER
control field 0000024924
005 - DATE AND TIME OF LATEST TRANSACTION
control field 20151217145950.0
008 - FIXED-LENGTH DATA ELEMENTS--GENERAL INFORMATION
fixed length control field 140328s xx 000 0 eng d
020 ## - INTERNATIONAL STANDARD BOOK NUMBER
International Standard Book Number 159631812 :
040 ## - CATALOGING SOURCE
Original cataloging agency KABU
Transcribing agency KABU
100 1# - MAIN ENTRY--PERSONAL NAME
Personal name Berger, Sandra L.
-- 0000185223
245 10 - TITLE STATEMENT
Title College planning for gifted students :
Remainder of title choosing and getting into the right college /
Statement of responsibility, etc. Sandra L. Berger.
250 ## - EDITION STATEMENT
Edition statement 1st ed.
260 ## - PUBLICATION, DISTRIBUTION, ETC. (IMPRINT)
Place of publication, distribution, etc. Waco, TX :
Name of publisher, distributor, etc. Prufrock,
Date of publication, distribution, etc. 2006.
300 ## - PHYSICAL DESCRIPTION
Extent xii, 231 p.
650 #0 - SUBJECT ADDED ENTRY--TOPICAL TERM
Topical term or geographic name as entry element College choice
Geographic subdivision United States.
-- 0000185224
650 #0 - SUBJECT ADDED ENTRY--TOPICAL TERM
Topical term or geographic name as entry element Gifted children
General subdivision Education
Geographic subdivision United States.
-- 0000179393
852 1# - LOCATION
-- p3995 KES
908 ## - PUT COMMAND PARAMETER (RLIN)
Put command parameter 140328
950 ## - LOCAL HOLDINGS (RLIN)
-- 1
Holdings
Withdrawn status Lost status Source of classification or shelving scheme Not for loan Home library Current library Date acquired Total Checkouts Full call number Barcode Date last seen Price effective from Koha item type
    Library of Congress Classification   Kabarak, Main Campus Kabarak, Main Campus 17/12/2015   LB2350.5 .B47 2006 c. 1 017931 17/12/2015 17/12/2015 General Collection